000 00286nam a2200109Ia 4500
008 200302s9999 xx 000 0 und d
100 _aMelina Deliyannis
245 _aR.M.Kliment & Frances Halsband Architects
260 _bImages Publishing, Austraila
260 _c2008
300 _a256 P
999 _c4822
_d4822